HIV/AIDS and Behavioral Risk Factors Among Former Texas Prison Inmates

As of the end of 2010, .9% (20,093) of the inmate population under the care of the U.S. Federal Bureau of Prisons and 1.7% (2,394) of the inmate population under the care of the Texas Department of Criminal Justice were living with HIV/AIDS. The purpose of this quantitative correlational study was t...

Ausführliche Beschreibung

Gespeichert in:  
Bibliographische Detailangaben
1. VerfasserIn: Lusk-Edwards, Scarlett (Verfasst von)
Medienart: Elektronisch Buch
Sprache:Englisch
Veröffentlicht: 2019
In:Jahr: 2019
Online-Zugang: Volltext (kostenfrei)
Verfügbarkeit prüfen: HBZ Gateway

MARC

LEADER 00000cam a22000002c 4500
001 1866313274
003 DE-627
005 20250114054910.0
007 cr uuu---uuuuu
008 231019s2019 xx |||||o 00| ||eng c
035 |a (DE-627)1866313274 
035 |a (DE-599)KXP1866313274 
040 |a DE-627  |b ger  |c DE-627  |e rda 
041 |a eng 
084 |a 2,1  |2 ssgn 
100 1 |a Lusk-Edwards, Scarlett  |e VerfasserIn  |4 aut 
245 1 0 |a HIV/AIDS and Behavioral Risk Factors Among Former Texas Prison Inmates 
264 1 |c 2019 
336 |a Text  |b txt  |2 rdacontent 
337 |a Computermedien  |b c  |2 rdamedia 
338 |a Online-Ressource  |b cr  |2 rdacarrier 
520 |a As of the end of 2010, .9% (20,093) of the inmate population under the care of the U.S. Federal Bureau of Prisons and 1.7% (2,394) of the inmate population under the care of the Texas Department of Criminal Justice were living with HIV/AIDS. The purpose of this quantitative correlational study was to analyze the relationships between HIV/AIDS status and former inmate demographic characteristics, intravenous drug use (IDU), and social support networks. The behavior models of importation and deprivation formed the theoretical frameworks used to explore the relationship between HIV/AIDS and behavioral risk factors for released Texas prison inmates. Fifty former prison inmates in Texas were recruited through Prison Talk, an online prison and family support community, and asked to complete a 57-item web-based survey on demographic characteristics, IDU, and social support networks. Spearman correlation and multiple logistic regression analyses were used to test potential relationships between risk factors. A significant negative correlation was found between African American race and HIV infection (rs = -.31, p < .05). A significant positive correlation was found between IDU and HIV infection (rs = .49, p < .001). Logistic regression analysis confirmed IDU as a significant predictor of HIV infection (B = 3.99, OR = 54.33, p < .05); access to or a desire for social support were not found to be significant predictors of HIV infection. Decreasing IDU among former prison inmates was shown to be an important step in HIV/AIDS prevention. Findings from the study can provide policy makers, legislators, prison administrators, educators, and researchers with insight into the factors that contribute to the prevalence of HIV/AIDS, possibly leading to positive social change by reducing the prevalence of HIV/AIDS among former prison inmates and their partners 
856 4 0 |u https://core.ac.uk/download/232859214.pdf  |x Verlag  |z kostenfrei  |3 Volltext  |7 0 
935 |a mkri 
951 |a BO 
ELC |a 1 
LOK |0 000 xxxxxcx a22 zn 4500 
LOK |0 001 4392956911 
LOK |0 003 DE-627 
LOK |0 004 1866313274 
LOK |0 005 20231019043638 
LOK |0 008 231019||||||||||||||||ger||||||| 
LOK |0 035   |a (DE-2619)CORE69459619 
LOK |0 040   |a DE-2619  |c DE-627  |d DE-2619 
LOK |0 092   |o n 
LOK |0 852   |a DE-2619 
LOK |0 852 1  |9 00 
LOK |0 935   |a core 
LOK |0 939   |a 19-10-23  |b l01 
OAS |a 1 
ORI |a SA-MARC-krimdoka001.raw